00296 a2200121 4500001000700000020000600007040001100013100002800024240005300052245004800105362000900153440001200162164517 a  cMagnum aCanto, Eduardo Leite do10aPlastico: bem superfluo ou mal necessario ?lpor10aPlastico: bem superfluo ou mal necessario ?0 a1899 1aModerna